000 00871nam a22002417a 4500
003 UA-OsUOA
001 50596
007 ta
008 20140624b un ||||| |||| 00| 0 ukr d
100 _aТрощинський В.П.
090 _a94(477).07
_bТ76
942 _cBK
040 _aUA-OsUOA
_bukr
_cUA-OsUOA
_dUA-OsUOA
245 _aНайманці фашизму (Українські буржуазні націоналісти на службі гітлерівців у міжвоєнний період 1921-1939 рр.)
300 _a138 с.
955 _a4
041 _aukr
080 _a94(477).07
260 _aК.
_bНаукова думка
_c1981
650 7 _a9 Географія. Біографії. Історія
_2UDC
999 _c430723
_d430723